000 00664nam a2200181Ia 4500
008 090123s9999 xx 000 0 und d
082 _b17734
_a923.254/जोशी
100 _aजोशी द.दा.
245 _aविज्ञानयोगी बाबासाहेब आमटे
250 _a1
260 _bसुरेश एजन्सी
_c1989
300 _a126
600 _aजोशी द.दा.
630 _aविज्ञानयोगी बाबासाहेब आमटे
700 _aजोशी द.दा.
730 _aविज्ञानयोगी बाबासाहेब आमटे
942 _cBOOK
999 _c55793
_d55793